00601 2200241 4500001002100000005001700021008004100038035002400079040001200103082001100115090001800126100001500144245002100159250001100180260004200191300001900233650001100252850001200263990002100275990002100296990002100317990002100338YOGYA-0209000007109020090227093519.0 ind  0010-020900000071090 aYOPDYOG a297.51 a297.51bUba S aUBAEDY, AN aSabarcAN.Ubaedy aCet. 2 aJakartabGrafindo Khazanah Ilmuc2007 a141 hlmc21 cm aAkhlak aYOPDYOG a34828-PD/A.08b1 a34825-PD/A.08b1 a34826-PD/A.08b1 a34827-PD/A.08b1